[Event "Nova Gorica op 22nd"]
[Site "Nova Gorica"]
[Date "2017.02.02"]
[Round "9"]
[White "Petrovcic, Cvetko"]
[Black "Mihelic, Vesna"]
[Result "0-1"]
[WhiteElo "1655"]
[BlackElo "1554"]
[PlyCount "142"]
[EventDate "2017.01.27"]
[EventType "swiss"]
[EventRounds "9"]
[EventCountry "SLO"]
[SourceTitle "CBM 176 Extra"]
[Source "ChessBase"]
[SourceDate "2017.03.02"]
[SourceVersion "1"]
[SourceVersionDate "2017.03.02"]
[SourceQuality "1"]

1. d4 d5 2. Bg5 h6 3. Bh4 Nd7 4. e3 Ngf6 5. Bd3 e6 6. Ne2 Be7 7. Nd2 0-0 8. 0-0 b6 9. c3 Bb7 10. Rc1 c5 11. Bb1 c4 12. f4 Re8 13. Rf3 Qc7 14. Bxf6 Nxf6 15. Rh3 Bc8 16. Qc2 Bf8 17. Ng3 g6 18. Ngf1 e5 19. Rf3 e4 20. Rf2 Ng4 21. Re2 f5 22. h3 Nf6 23. Nh2 Bd6 24. g3 g5 25. Rg2 Kh8 26. Rf1 Rg8 27. Rff2 b5 28. a3 a5 29. b4 axb4 30. axb4 Qa7 31. Qc1 Qa3 32. Qc2 Qa1 33. Nhf1 Ra3 34. Qd1 Qxc3 35. Bc2 Ra1 36. Nb1 Qxb4 37. Nfd2 Qa5 38. fxg5 hxg5 39. Qf1 Qc7 40. Rxf5 Bxf5 41. Qxf5 Be7 42. Kh2 Qd7 43. Qe5 Qd6 44. Qf5 b4 45. Rg1 b3 46. Bxb3 cxb3 47. Nxb3 Ra2+ 48. N1d2 Qb4 49. Rg2 Qd6 50. Nc5 Raa8 51. Ne6 Nh7 52. Nb3 Qd7 53. Nbc5 Bxc5 54. dxc5 Rge8 55. Nd4 Qxf5 56. Nxf5 Rec8 57. Rc2 Ra5 58. c6 Rc7 59. Nd4 Ra6 60. g4 Kg8 61. Rc5 Nf6 62. Kg3 Kf7 63. h4 gxh4+ 64. Kxh4 Ke7 65. g5 Kd6 66. Rc3 Rh7+ 67. Kg3 Ne8 68. Kf4 Nc7 69. g6 Rh8 70. Kg5 Ne6+ 71. Kf6 Rf8# 0-1

[Event "Nova Gorica op-A 20th"]
[Site "Nova Gorica"]
[Date "2015.02.02"]
[Round "6"]
[White "Milicevic, Zoran"]
[Black "Petrovcic, Cvetko"]
[Result "0-1"]
[WhiteElo "1691"]
[BlackElo "1618"]
[PlyCount "34"]
[EventDate "2015.01.30"]
[EventType "swiss"]
[EventRounds "9"]
[EventCountry "SLO"]
[SourceTitle "CBM 164 Extra"]
[Source "ChessBase"]
[SourceDate "2015.03.02"]
[SourceVersion "1"]
[SourceVersionDate "2015.03.02"]
[SourceQuality "1"]

1. e4 Nf6 2. Nc3 Nc6 3. g3 e5 4. Bg2 Bc5 5. Nf3 d6 6. 0-0 Bg4 7. d3 Nd4 8. Na4 Qd7 9. Nxc5 dxc5 10. c3 Nxf3+ 11. Bxf3 Bxf3 12. Qxf3 0-0-0 13. Bg5 Qxd3 14. Qxd3 Rxd3 15. Bxf6 gxf6 16. Rfd1 Rhd8 17. Rxd3 Rxd3 0-1

[Event "Nova Gorica op-A 20th"]
[Site "Nova Gorica"]
[Date "2015.02.01"]
[Round "5"]
[White "Petrovcic, Cvetko"]
[Black "Winkler, Silvo"]
[Result "1/2-1/2"]
[WhiteElo "1618"]
[BlackElo "1675"]
[PlyCount "108"]
[EventDate "2015.01.30"]
[EventType "swiss"]
[EventRounds "9"]
[EventCountry "SLO"]
[SourceTitle "CBM 164 Extra"]
[Source "ChessBase"]
[SourceDate "2015.03.02"]
[SourceVersion "1"]
[SourceVersionDate "2015.03.02"]
[SourceQuality "1"]

1. d4 d5 2. c4 c6 3. Nc3 Nf6 4. h3 Bf5 5. Nf3 h6 6. e3 e6 7. Ne5 Bd6 8. Bd3 Bxd3 9. Qxd3 Qa5 10. Bd2 Qa6 11. c5 Bxe5 12. Qxa6 Nxa6 13. dxe5 Nd7 14. f4 Naxc5 15. 0-0 0-0-0 16. b4 Na6 17. b5 Nab8 18. bxc6 bxc6 19. Rfc1 Nb6 20. a4 Rd7 21. Nb5 Nc4 22. Nd6+ Nxd6 23. exd6 Rxd6 24. Rab1 Rd7 25. Bc3 f6 26. Bd4 Re8 27. a5 e5 28. Bc5 Re6 29. f5 Re8 30. Ba3 d4 31. Rd1 d3 32. e4 Rd4 33. Bc5 Rd7 34. Rbc1 Red8 35. Kf2 Rb7 36. Ke3 a6 37. Bb6 Rdd7 38. Rc3 d2 39. Ke2 Rd6 40. Bc5 Rdd7 41. Rxd2 Rxd2+ 42. Kxd2 Rb2+ 43. Rc2 Rxc2+ 44. Kxc2 Nd7 45. Be3 Kc7 46. Kc3 Kd6 47. Kc4 h5 48. h4 c5 49. Bc1 Kc6 50. Ba3 Kd6 51. Bc1 Nb8 52. Be3 Nd7 53. Bf2 Kc6 54. Bg1 Kd6 1/2-1/2

[Event "Nova Gorica op-A 20th"]
[Site "Nova Gorica"]
[Date "2015.01.31"]
[Round "3"]
[White "Capaliku, Aleks"]
[Black "Petrovcic, Cvetko"]
[Result "1-0"]
[WhiteElo "2037"]
[BlackElo "1618"]
[PlyCount "108"]
[EventDate "2015.01.30"]
[EventType "swiss"]
[EventRounds "9"]
[EventCountry "SLO"]
[SourceTitle "CBM 164 Extra"]
[Source "ChessBase"]
[SourceDate "2015.03.02"]
[SourceVersion "1"]
[SourceVersionDate "2015.03.02"]
[SourceQuality "1"]

1. f4 Nf6 2. Nf3 b6 3. b3 Bb7 4. e3 e6 5. Bb2 Be7 6. d4 0-0 7. Bd3 Bb4+ 8. c3 Be7 9. 0-0 Bxf3 10. Qxf3 d5 11. Nd2 Nbd7 12. e4 dxe4 13. Nxe4 Nxe4 14. Bxe4 Rb8 15. f5 exf5 16. Bxf5 Nf6 17. c4 g6 18. Bc2 Nh5 19. d5 Qd6 20. Rae1 Rbe8 21. Re4 Qd7 22. Kh1 Bd8 23. Rfe1 Rxe4 24. Rxe4 Re8 25. g4 Rxe4 26. Bxe4 Ng7 27. Qc3 f6 28. Qg3 Be7 29. h4 Bd6 30. Qf3 f5 31. gxf5 Nxf5 32. Bxf5 Qxf5 33. Qxf5 gxf5 34. Kg2 a5 35. Kf3 Kf7 36. h5 Ke8 37. Bc1 Kd7 38. Bf4 Be7 39. Be3 Bd6 40. Bf2 Kc8 41. Bg3 Be7 42. d6 cxd6 43. Kf4 d5 44. Bf2 dxc4 45. bxc4 Bc5 46. Bxc5 bxc5 47. Kxf5 Kd7 48. Ke5 Kc6 49. h6 a4 50. a3 Kc7 51. Kd5 Kb7 52. Kxc5 Kc7 53. Kb5 Kb7 54. Kxa4 Kb6 1-0

[Event "Nova Gorica op-A 19th"]
[Site "Nova Gorica"]
[Date "2014.01.31"]
[Round "1"]
[White "Petrovcic, Cvetko"]
[Black "Kersic, Matej"]
[Result "0-1"]
[WhiteElo "1738"]
[BlackElo "2167"]
[PlyCount "138"]
[EventDate "2014.01.31"]
[EventType "swiss"]
[EventRounds "9"]
[EventCountry "SLO"]
[SourceTitle "CBM 158 Extra"]
[Source "ChessBase"]
[SourceDate "2014.02.28"]
[SourceVersion "1"]
[SourceVersionDate "2014.02.28"]
[SourceQuality "1"]

1. e4 c5 2. Nf3 d6 3. Nc3 Nf6 4. Be2 e6 5. 0-0 Be7 6. b3 0-0 7. Bb2 Nc6 8. h3 a6 9. d4 cxd4 10. Nxd4 Qc7 11. Nxc6 bxc6 12. Bd3 Bb7 13. Qf3 e5 14. Qg3 Nh5 15. Qf3 Nf4 16. Ne2 Nxd3 17. cxd3 a5 18. Ng3 g6 19. Bc1 f6 20. Bh6 Rf7 21. Be3 c5 22. Qe2 d5 23. Rac1 d4 24. Bh6 Bd6 25. h4 Bc8 26. Qd2 Be6 27. h5 g5 28. Nf5 Bxf5 29. exf5 Qd7 30. g4 Qb7 31. f3 Qd5 32. Rc4 Kh8 33. Ra4 Rfa7 34. Rf2 Be7 35. Kg2 Kg8 36. Qe2 Kf7 37. Qe4 Qxe4 38. fxe4 c4 39. Rxc4 a4 40. Rfc2 axb3 41. axb3 Rb7 42. Ra4 Rab8 43. Kf3 Rxb3 44. Ke2 R8b7 45. Ra8 Rb2 46. Rac8 R7b3 47. R8c7 Rb1 48. Rc1 Rxc1 49. Rxc1 Rb2+ 50. Kd1 Rg2 51. Rc8 Rxg4 52. Rh8 Rh4 53. Rxh7+ Ke8 54. Bg7 g4 55. h6 g3 56. Ke2 Rxe4+ 57. dxe4 d3+ 58. Kxd3 g2 59. Rh8+ Kf7 60. h7 g1Q 61. Rf8+ Bxf8 62. h8Q Qd4+ 63. Ke2 Qxe4+ 64. Kd1 Qg4+ 65. Ke1 Bxg7 66. Qc8 Bf8 67. Qe6+ Kg7 68. Qd7+ Kh6 69. Qc8 Bb4+ 0-1

[Event "Nova Gorica op-A 17th"]
[Site "Nova Gorica"]
[Date "2012.01.29"]
[Round "5"]
[White "Savoia, Serge"]
[Black "Petrovcic, Cvetko"]
[Result "1-0"]
[WhiteElo "1909"]
[BlackElo "1768"]
[PlyCount "74"]
[EventDate "2012.01.27"]
[EventType "swiss"]
[EventRounds "9"]
[EventCountry "SLO"]
[SourceTitle "CBM 146 Extra"]
[Source "ChessBase"]
[SourceDate "2012.02.29"]
[SourceVersion "1"]
[SourceVersionDate "2012.02.29"]
[SourceQuality "1"]

1. e4 e5 2. Nf3 Nc6 3. Bb5 Qf6 4. Nc3 Bd6 5. 0-0 Nge7 6. d4 h6 7. dxe5 Nxe5 8. Nxe5 Bxe5 9. Qd3 0-0 10. Nd1 a5 11. f4 Bd4+ 12. Kh1 Ba7 13. c3 c6 14. Ba4 b5 15. Bc2 Rd8 16. e5 Qg6 17. f5 Qh7 18. Be3 Nd5 19. Bxa7 Rxa7 20. Nf2 a4 21. Qg3 f6 22. b3 Ba6 23. Ne4 Rf8 24. Rad1 Raa8 25. Nd6 Kh8 26. c4 axb3 27. axb3 bxc4 28. bxc4 Qg8 29. Rfe1 Nb4 30. Bb3 c5 31. Qe3 Nc6 32. e6 dxe6 33. Qxc5 Ne7 34. fxe6 Bc8 35. Nf7+ Rxf7 36. exf7 Qxf7 37. Rxe7 Qh5 1-0

[Event "Nova Gorica op-B 13th"]
[Site "Nova Gorica"]
[Date "2008.01.31"]
[Round "8"]
[White "Gregori, Giuliano"]
[Black "Petrovcic, Cvetko"]
[Result "1-0"]
[WhiteElo "1500"]
[BlackElo "1631"]
[PlyCount "94"]
[EventDate "2008.01.26"]
[EventType "swiss"]
[EventRounds "9"]
[EventCountry "SLO"]
[SourceTitle "EXT 2010"]
[Source "ChessBase"]
[SourceDate "2010.11.25"]
[SourceVersion "1"]
[SourceVersionDate "2010.11.25"]
[SourceQuality "1"]

1. e4 e5 2. Nf3 Bc5 3. Nxe5 Qh4 4. Qf3 Nf6 5. Nc3 0-0 6. g3 Qh5 7. Qxh5 Nxh5 8. Bg2 f5 9. 0-0 f4 10. Bf3 Nxg3 11. hxg3 fxg3 12. Kg2 gxf2 13. Nd3 Bb6 14. Nd5 d6 15. Nxb6 axb6 16. Nxf2 Nc6 17. c3 Ne5 18. Be2 Rf6 19. Rg1 Bd7 20. d4 Raf8 21. Be3 Ng6 22. Kg3 Nf4 23. Bxf4 Rxf4 24. Raf1 b5 25. Nh3 Rxe4 26. Rxf8+ Kxf8 27. Kf3 Bc6 28. Bxb5 Rxd4+ 29. Bxc6 Rd3+ 30. Ke2 Rxh3 31. Bxb7 Rh2+ 32. Rg2 Rh5 33. Bf3 Re5+ 34. Kd3 h5 35. Rh2 g6 36. Be4 Kg7 37. Rg2 g5 38. Bf3 Kg6 39. b4 Kh6 40. a4 Rf5 41. Be4 Rf4 42. a5 g4 43. a6 d5 44. Bxd5 c6 45. a7 cxd5 46. a8Q Rf3+ 47. Kd4 Rf1 1-0

[Event "Nova Gorica op-B 13th"]
[Site "Nova Gorica"]
[Date "2008.01.27"]
[Round "4"]
[White "Petrovcic, Cvetko"]
[Black "Pecchiari, Alberto"]
[Result "1-0"]
[WhiteElo "1631"]
[BlackElo "1341"]
[PlyCount "21"]
[EventDate "2008.01.26"]
[EventType "swiss"]
[EventRounds "9"]
[EventCountry "SLO"]
[SourceTitle "EXT 2010"]
[Source "ChessBase"]
[SourceDate "2010.11.25"]
[SourceVersion "1"]
[SourceVersionDate "2010.11.25"]
[SourceQuality "1"]

1. e4 e5 2. Nf3 Nc6 3. Nc3 Nf6 4. Bb5 Bb4 5. 0-0 d6 6. d4 0-0 7. Bg5 h6 8. Bxf6 Qxf6 9. Nd5 Qd8 10. Bxc6 bxc6 11. Nxb4 1-0